[Event "XLV C.to Italiano a squadre A1.2"]
[Site "Arzignano ITA"]
[Date "2013.03.17"]
[Round "4"]
[White "Cacco, Christian"]
[Black "Barillaro, Luca"]
[WhiteElo "2325"]
[BlackElo "2179"]
[Result "1/2-1/2"]
[PlyCount "49"]
[EventDate "2013.03.15"]

1. d4 d5 2. Nf3 Nf6 3. c4 e6 4. Nc3 Nbd7 5. Bg5 Bb4 6. e3 c5 7. Rc1 Qa5 8. Bxf6
Nxf6 9. Qb3 cxd4 10. Nxd4 O-O 11. a3 Bxc3+ 12. Qxc3 Qxc3+ 13. Rxc3 Bd7 14. Be2
Rfc8 15. O-O Ne4 16. Rc2 dxc4 17. Bxc4 Nd6 18. Bb3 Rxc2 19. Nxc2 Kf8 20. Rd1
Ke7 21. f3 Rc8 22. Ne1 Nc4 23. Bxc4 Rxc4 24. Kf2 Rc6 25. e4 1/2-1/2

[Event "XLV C.to Italiano a squadre A1.2"]
[Site "Arzignano ITA"]
[Date "2013.03.17"]
[Round "4"]
[White "Fabris, Alberto"]
[Black "Vincenzi, Marco"]
[WhiteElo "2227"]
[BlackElo "2109"]
[Result "1/2-1/2"]
[PlyCount "112"]
[EventDate "2013.03.15"]

1. Nf3 Nf6 2. g3 c5 3. Bg2 Nc6 4. d4 cxd4 5. Nxd4 g6 6. c4 Bg7 7. Nc3 O-O 8.
O-O a6 9. Nc2 d6 10. b3 Bd7 11. Bb2 Qa5 12. Nd5 Nxd5 13. Bxg7 Kxg7 14. Bxd5
Rab8 15. Bg2 Qh5 16. Ne3 b5 17. Rc1 bxc4 18. Rxc4 Rfc8 19. Qd2 Qa5 20. Qxa5
Nxa5 21. Rcc1 Bc6 22. Bh3 f5 23. Rfd1 Kf6 24. f3 Nb7 25. Nc4 Bb5 26. Nb6 Rxc1
27. Rxc1 Nc5 28. Nd5+ Ke5 29. Nc3 Ne6 30. e3 d5 31. Kf2 Nc5 32. f4+ Kd6 33. Bf1
Bxf1 34. Kxf1 e6 35. Ke2 a5 36. Rb1 Rb4 37. Kd2 h5 38. Kc2 Rb8 39. a3 h4 40. b4
axb4 41. axb4 Na6 42. b5 hxg3 43. hxg3 Nc5 44. Rh1 Ne4 45. Nxe4+ dxe4 46. Rh6
Rxb5 47. Rxg6 Rc5+ 48. Kd2 Ra5 49. g4 Kd5 50. gxf5 exf5 51. Rf6 Kc4 52. Rc6+
Kb4 53. Rb6+ Kc5 54. Rf6 Kb4 55. Rb6+ Ka3 56. Kc3 Ka2 1/2-1/2

[Event "XLV C.to Italiano a squadre A1.2"]
[Site "Arzignano ITA"]
[Date "2013.03.17"]
[Round "4"]
[White "Frigieri, Fabrizio"]
[Black "Luciani, Valerio"]
[WhiteElo "2126"]
[BlackElo "2237"]
[Result "0-1"]
[PlyCount "102"]
[EventDate "2013.03.15"]

1. e4 c5 2. Nf3 d6 3. d4 cxd4 4. Nxd4 Nf6 5. Nc3 a6 6. Bg5 e6 7. f4 Be7 8. Qf3
Qc7 9. O-O-O Nbd7 10. g4 b5 11. Bxf6 Nxf6 12. g5 Nd7 13. f5 Bxg5+ 14. Kb1 Ne5
15. Qh5 Qe7 16. Rg1 Bf6 17. Bh3 O-O 18. Rg3 g6 19. Rdg1 Bg7 20. Qd1 Bd7 21.
Nce2 Nc6 22. Nxc6 Bxc6 23. Nf4 Qf6 24. Qc1 Bxe4 25. fxe6 fxe6 26. Nxe6 Rac8 27.
R3g2 Bxg2 28. Rxg2 Qh4 29. Bg4 Bh6 30. Qd1 Rce8 31. a3 Rf2 32. Rxf2 Qxf2 33.
Qxd6 Qf1+ 34. Bd1 Qf6 35. Bg4 Bg7 36. c3 Qf1+ 37. Bd1 Qf5+ 38. Ka2 Bf8 39. Qxa6
Rxe6 40. Bb3 Kf7 41. Ka1 Qf1+ 42. Ka2 Qe2 43. Qc8 Be7 44. h3 Kf6 45. Qh8+ Kg5
46. Bxe6 Qxe6+ 47. Ka1 h5 48. Qb8 Qf5 49. Qg3+ Kf6 50. Ka2 g5 51. Qe3 Qe6+ 0-1

[Event "XLV C.to Italiano a squadre A1.2"]
[Site "Arzignano ITA"]
[Date "2013.03.17"]
[Round "4"]
[White "Petkov, Vladimir"]
[Black "Cebalo, Miso"]
[WhiteElo "2558"]
[BlackElo "2419"]
[Result "1/2-1/2"]
[PlyCount "22"]
[EventDate "2013.03.15"]

1. d4 Nf6 2. c4 e6 3. Nc3 Bb4 4. g3 O-O 5. Bg2 d6 6. Nf3 Nc6 7. O-O e5 8. Nd5
Nxd5 9. cxd5 Nxd4 10. Nxd4 exd4 11. Qxd4 Bc5 1/2-1/2

[Event "XLV C.to Italiano a squadre A1.2"]
[Site "Arzignano ITA"]
[Date "2013.03.17"]
[Round "5"]
[White "Litrico, Paolo"]
[Black "Frigieri, Fabrizio"]
[WhiteElo "1969"]
[BlackElo "2126"]
[Result "1/2-1/2"]
[PlyCount "21"]
[EventDate "2013.03.15"]

1. d4 d5 2. Bf4 c6 3. Nd2 Nf6 4. e3 Bf5 5. Ngf3 e6 6. c3 Bd6 7. Bxd6 Qxd6 8.
Ne5 Nbd7 9. Ndf3 O-O 10. Be2 Rfe8 11. O-O 1/2-1/2

[Event "XLV C.to Italiano a squadre A1.2"]
[Site "Arzignano ITA"]
[Date "2013.03.17"]
[Round "5"]
[White "Vancini, Edoardo"]
[Black "Navarro, Stefano"]
[WhiteElo "2263"]
[BlackElo "2276"]
[Result "1-0"]
[PlyCount "65"]
[EventDate "2013.03.15"]

1. d4 d5 2. Nf3 e6 3. e3 Nf6 4. Bd3 Nbd7 5. b3 c6 6. Bb2 Bd6 7. Ne5 O-O 8. O-O
Qc7 9. f4 Ne4 10. Bxe4 dxe4 11. Nd2 f5 12. g4 b6 13. Rf2 Nf6 14. h3 Ba6 15. c4
Rad8 16. Rg2 Kh8 17. Qe1 Bc8 18. Kh1 Bxe5 19. dxe5 Ng8 20. gxf5 exf5 21. e6 Nf6
22. Qh4 Bxe6 23. Rag1 Rd7 24. Nf1 Qd8 25. Ng3 Rd1 26. Nh5 Rxg1+ 27. Rxg1 Nxh5
28. Qxh5 Rg8 29. Qh6 Qd7 30. Rg2 b5 31. cxb5 cxb5 32. Qg5 a5 33. h4 1-0

[Event "XXII Weekend B"]
[Site "Ceriano Laghetto ITA"]
[Date "2013.03.01"]
[Round "1"]
[White "Bianchi, Alberto"]
[Black "Giovarruscio, Gabriele"]
[WhiteElo "1958"]
[BlackElo "1747"]
[Result "1-0"]
[PlyCount "97"]
[EventDate "2013.03.01"]

1. e4 c6 2. Nc3 d6 3. Nf3 Bg4 4. Be2 Nf6 5. d4 g6 6. h3 Bxf3 7. Bxf3 Bg7 8. Be3
Nbd7 9. Qd2 a5 10. a4 Qc7 11. O-O O-O 12. Rfb1 e6 13. Ne2 Nb6 14. Qd3 Rac8 15.
c4 d5 16. cxd5 exd5 17. e5 Nfd7 18. Bf4 Qd8 19. b4 Nc4 20. bxa5 Nxa5 21. Bd2
Rb8 22. Ra3 Nc4 23. Rab3 Ndb6 24. Rxb6 Nxb6 25. Ba5 Qh4 26. Bxb6 Ra8 27. a5
Rfe8 28. Kh2 h5 29. g3 Qe7 30. Bg2 h4 31. f4 hxg3+ 32. Nxg3 Qh4 33. Rf1 f5 34.
Ne2 Kf7 35. Nc1 Rh8 36. Nb3 Bf8 37. Qe3 Bb4 38. e6+ Ke7 39. Qe5 Bd6 40. Bc5
Bxc5 41. Nxc5 Rh7 42. Nxb7 Rah8 43. Qd6+ Kf6 44. e7+ Kf7 45. Nd8+ Ke8 46. Qxg6+
Kxe7 47. Nxc6+ Kd7 48. Ne5+ Ke7 49. Rf3 1-0

[Event "XXII Weekend B"]
[Site "Ceriano Laghetto ITA"]
[Date "2013.03.01"]
[Round "1"]
[White "Cerutti, Fabio Maria"]
[Black "Colombo, Luca"]
[WhiteElo "1723"]
[BlackElo "1884"]
[Result "0-1"]
[PlyCount "68"]
[EventDate "2013.03.01"]

1. e4 c5 2. Nc3 Nc6 3. g3 g6 4. Bg2 d6 5. d3 Bg7 6. Be3 Rb8 7. f4 Nd4 8. Rb1 b5
9. Nce2 b4 10. Nxd4 cxd4 11. Bf2 Qa5 12. b3 e5 13. h3 a6 14. Ne2 Ne7 15. O-O
O-O 16. g4 Bd7 17. Qd2 Qc7 18. Bh4 Nc6 19. f5 Rfc8 20. f6 Bf8 21. Bg5 Na7 22.
Rbc1 Nb5 23. Bh6 Qd8 24. Bxf8 Qxf8 25. Rf2 Na3 26. Ng3 Rc7 27. Bf3 a5 28. h4
Rbc8 29. Bd1 Be6 30. h5 Nb5 31. hxg6 fxg6 32. g5 Nc3 33. Ra1 Qe8 34. Bg4 Bxg4
0-1

[Event "XXII Weekend B"]
[Site "Ceriano Laghetto ITA"]
[Date "2013.03.01"]
[Round "1"]
[White "Corti, Filippo"]
[Black "Mandaglio, Luca"]
[WhiteElo "1634"]
[BlackElo "1810"]
[Result "1/2-1/2"]
[PlyCount "184"]
[EventDate "2013.03.01"]

1. Nf3 Nf6 2. g3 d5 3. Bg2 c6 4. d3 Nbd7 5. Nbd2 e5 6. O-O Qc7 7. e4 d4 8. a4
Bb4 9. Nc4 b5 10. axb5 cxb5 11. Na3 Rb8 12. Nh4 Nf8 13. f4 Ng6 14. Nf5 O-O 15.
fxe5 Qxe5 16. Qf3 Rb6 17. Bg5 a6 18. Bh3 Nd7 19. Bf4 Qc5 20. Rf2 Nde5 21. Qg2
Bxa3 22. bxa3 Qc3 23. Qf1 Nxf4 24. gxf4 Rg6+ 25. Kh1 Nc6 26. Qd1 Re8 27. Qf1
Na5 28. Qe1 Bxf5 29. Bxf5 Qxe1+ 30. Rxe1 Rf6 31. Bd7 Re7 32. e5 Rh6 33. Bg4 Rh4
34. Bd1 f6 35. e6 f5 36. Re5 g6 37. Kg2 Nc6 38. Kg3 Nxe5 39. Kxh4 Nc6 40. Bf3
Nd8 41. Bd5 Kg7 42. Re2 Kf6 43. Bb3 h6 44. Re5 g5+ 45. Kg3 Nxe6 46. Rd5 Nxf4
47. Rd6+ Kg7 48. Rxa6 Re2 49. Ra7+ Kf6 50. Rf7+ Kg6 51. Rb7 Nh5+ 52. Kf3 Re3+
53. Kf2 g4 54. Rxb5 Kg5 55. a4 Nf4 56. a5 Nh3+ 57. Kf1 Nf4 58. a6 Re8 59. a7
Ra8 60. Ra5 Kf6 61. Ra6+ Ke7 62. Rxh6 Kd7 63. Rf6 Kc7 64. Rxf5 Nh3 65. Rf7+ Kb6
66. Rg7 Rxa7 67. Rxa7 Kxa7 68. Kg2 Ng5 69. Bd5 Nh7 70. Kg3 Kb6 71. Be4 Nf6 72.
Kf4 Kc5 73. Kf5 Nd7 74. Kxg4 Kb4 75. h4 Kc3 76. h5 Kxc2 77. h6 Nf6+ 78. Kg5
Nxe4+ 79. dxe4 d3 80. h7 d2 81. h8=Q d1=Q 82. Qc8+ Kb2 83. Qb7+ Kc3 84. Qc6+
Kb4 85. Qb6+ Kc4 86. Qe6+ Kb4 87. Qe7+ Kc4 88. Qe6+ Kb4 89. Qe7+ Kc4 90. Qe6+
Kb4 91. Qe7+ Kc4 92. Qc7+ Kb4 1/2-1/2

[Event "XXII Weekend B"]
[Site "Ceriano Laghetto ITA"]
[Date "2013.03.01"]
[Round "1"]
[White "D'Amato, Piergiorgio"]
[Black "Galli, Agostino"]
[WhiteElo "1845"]
[BlackElo "1685"]
[Result "1-0"]
[PlyCount "105"]
[EventDate "2013.03.01"]

1. e4 e6 2. d4 d5 3. e5 c5 4. c3 Nc6 5. Nf3 cxd4 6. cxd4 Bb4+ 7. Nc3 Nge7 8.
Bd3 h6 9. O-O Nf5 10. Ne2 Be7 11. a3 a6 12. Bxf5 exf5 13. Nf4 g5 14. Nh5 f4 15.
Qd3 Kf8 16. h3 f5 17. exf6 Bxf6 18. Qg6 Nxd4 19. Qxf6+ Qxf6 20. Nxf6 Nxf3+ 21.
gxf3 Bxh3 22. Rd1 Be6 23. b4 Kf7 24. Bb2 Rhd8 25. Bd4 b5 26. Ng4 h5 27. Ne5+
Kg8 28. Rac1 Rac8 29. Kf1 Kh7 30. Rxc8 Rxc8 31. Bc5 h4 32. Ng4 Kg6 33. Re1 Re8
34. Bd4 Re7 35. Rc1 Kh5 36. Nf6+ Kg6 37. Rc6 Kf7 38. Nh7 Bh3+ 39. Kg1 Re1+ 40.
Kh2 Bf1 41. Nxg5+ Ke7 42. Bc5+ Kd7 43. Rd6+ Kc7 44. Ne6+ Kb7 45. Rd7+ Kc8 46.
Rc7+ Kb8 47. Re7 Rd1 48. Nd4 h3 49. Bd6+ Kc8 50. Rc7+ Kd8 51. Nc6+ Ke8 52. Re7+
Kf8 53. Re1+ 1-0

[Event "XXII Weekend B"]
[Site "Ceriano Laghetto ITA"]
[Date "2013.03.01"]
[Round "1"]
[White "Falchi, Claudio"]
[Black "Scovazzi, Tullio"]
[WhiteElo "1866"]
[BlackElo "1696"]
[Result "1-0"]
[PlyCount "101"]
[EventDate "2013.03.01"]

1. e4 e5 2. Nf3 Nc6 3. Bb5 a6 4. Bxc6 bxc6 5. O-O d6 6. d4 exd4 7. Qxd4 c5 8.
Qd3 Bg4 9. c4 Be7 10. Re1 Bxf3 11. Qxf3 Nf6 12. Nc3 O-O 13. b3 Re8 14. Bb2 Bf8
15. Rad1 Qc8 16. Nd5 Nxd5 17. Rxd5 f6 18. Qg3 Re6 19. f4 Qe8 20. Qf3 Qf7 21.
Rd3 Rae8 22. Rde3 Qd7 23. Qg3 Qf7 24. e5 fxe5 25. fxe5 Qe7 26. Kf2 Qd7 27. exd6
Rxe3 28. Rxe3 Rxe3 29. Qxe3 cxd6 30. Qe4 Qe7 31. Qxe7 Bxe7 32. Ke3 Kf7 33. Ke4
g5 34. Kd5 h5 35. h3 Kg6 36. g4 hxg4 37. hxg4 Kf7 38. Bc3 Bf8 39. Ba5 Ke7 40.
Bd2 Bh6 41. Be1 Kd7 42. Bc3 Bf8 43. Bf6 Bh6 44. a4 Kc7 45. Ke6 Kc6 46. Be7 Bg7
47. Bxg5 Bf8 48. Be7 Bg7 49. g5 Bd4 50. g6 Kb6 51. Bf6 1-0

[Event "XXII Weekend B"]
[Site "Ceriano Laghetto ITA"]
[Date "2013.03.01"]
[Round "1"]
[White "Greco, Umberto"]
[Black "Burani, Eugenio"]
[WhiteElo "1707"]
[BlackElo "1870"]
[Result "0-1"]
[PlyCount "66"]
[EventDate "2013.03.01"]

1. c4 c5 2. Nf3 Nf6 3. Nc3 Nc6 4. g3 g6 5. Bg2 Bg7 6. O-O O-O 7. d3 d6 8. Rb1
Bd7 9. Bd2 Qc8 10. Re1 Bh3 11. Bh1 h6 12. a3 Ng4 13. b4 cxb4 14. axb4 Nce5 15.
Nd5 Qd7 16. b5 g5 17. Ne3 f5 18. Qb3 Kh8 19. Nxg4 Nxg4 20. Bc3 e5 21. Nd2 f4
22. Bf3 fxg3 23. hxg3 Nxf2 24. Kxf2 g4 25. Rh1 gxf3 26. exf3 Qf5 27. Bb4 Bg4
28. d4 e4 29. Bxd6 Bxd4+ 30. Ke1 Rf6 31. Bf4 exf3 32. Nf1 h5 33. Qa2 Re6+ 0-1

[Event "XXII Weekend B"]
[Site "Ceriano Laghetto ITA"]
[Date "2013.03.01"]
[Round "1"]
[White "Laico, Emanuele"]
[Black "Trovero, Leo"]
[WhiteElo "1813"]
[BlackElo "1635"]
[Result "1-0"]
[PlyCount "127"]
[EventDate "2013.03.01"]

1. d4 Nf6 2. c4 g6 3. Nc3 Bg7 4. e4 d6 5. Nf3 O-O 6. Be2 Nbd7 7. O-O e5 8. d5
Nc5 9. Qc2 a5 10. Bg5 h6 11. Bh4 g5 12. Bg3 Nh5 13. Nd2 Nf4 14. Bxf4 gxf4 15.
Qd1 Kh8 16. Bg4 f5 17. exf5 Bxf5 18. Bxf5 Rxf5 19. Qg4 Rg5 20. Qf3 Qd7 21. Nce4
Nxe4 22. Nxe4 Rf5 23. c5 dxc5 24. Nxc5 Qb5 25. Ne6 Qd7 26. Qe4 Rf7 27. Nxg7
Rxg7 28. Qxe5 Qg4 29. g3 f3 30. Kh1 Qh3 31. Rg1 Rf8 32. g4 Kh7 33. Qg3 Qxg3 34.
Rxg3 Rd7 35. Rd1 c6 36. Rd3 cxd5 37. Rgxf3 Rc8 38. Rd2 Rc4 39. h3 Re4 40. Kg2
Rc4 41. Rf5 Rc5 42. Kf3 b6 43. Kf4 Rc4+ 44. Ke5 d4 45. Rf4 Rc5+ 46. Ke6 Rg7 47.
Rf6 Rc6+ 48. Ke5 Re7+ 49. Kf5 Rc4 50. Re6 Rc5+ 51. Kf6 Rg7 52. Rxd4 Rg6+ 53.
Ke7 Rg7+ 54. Kd6 Rc2 55. Re7 Rxe7 56. Kxe7 Rxb2 57. f4 Rxa2 58. f5 Re2+ 59. Kf7
Rc2 60. Rd7 a4 61. Kf6+ Kg8 62. Kg6 Kf8 63. f6 Rc8 64. Rh7 1-0

[Event "XXII Weekend B"]
[Site "Ceriano Laghetto ITA"]
[Date "2013.03.01"]
[Round "1"]
[White "Lunghi, Samuele"]
[Black "Cervini, Gian Piero"]
[WhiteElo "1487"]
[BlackElo "1781"]
[Result "1/2-1/2"]
[PlyCount "74"]
[EventDate "2013.03.01"]

1. e4 g6 2. d4 Bg7 3. Nf3 d6 4. Nc3 Nf6 5. Be2 O-O 6. O-O c5 7. Be3 Ng4 8. Qd2
Nxe3 9. fxe3 Qb6 10. Rab1 Nc6 11. Rfd1 Bg4 12. d5 Ne5 13. Nxe5 Bxe2 14. Nd7 Qc7
15. Nxf8 Bxd1 16. Rxd1 Rxf8 17. Qd3 a6 18. Rb1 b5 19. a3 Rb8 20. Ne2 c4 21. Qd2
Qc5 22. Nd4 Bxd4 23. Qxd4 Qxd4 24. exd4 b4 25. a4 b3 26. c3 Rf8 27. Rf1 f5 28.
Rf4 g5 29. Rxf5 Rxf5 30. exf5 Kf7 31. g4 Kf6 32. Kf2 h5 33. h3 h4 34. Ke3 Kf7
35. a5 Kf6 36. Ke4 Kf7 37. Ke3 Kf6 1/2-1/2

[Event "XXII Weekend B"]
[Site "Ceriano Laghetto ITA"]
[Date "2013.03.01"]
[Round "1"]
[White "Miracola, Giorgia"]
[Black "Mazzoccoli, Simone"]
[WhiteElo "1873"]
[BlackElo "1715"]
[Result "0-1"]
[PlyCount "94"]
[EventDate "2013.03.01"]

1. e4 c5 2. Nf3 Nc6 3. d4 cxd4 4. Nxd4 g6 5. c4 Bg7 6. Nc2 d6 7. Nc3 Nf6 8. Be2
Nd7 9. O-O O-O 10. Be3 Nc5 11. f3 a5 12. Qd2 a4 13. Rac1 Be6 14. Nd4 Nxd4 15.
Bxd4 Bxd4+ 16. Qxd4 Qb6 17. Nd5 Bxd5 18. cxd5 Rfc8 19. Kh1 Nd7 20. Qd2 Rc5 21.
Rxc5 Nxc5 22. Rc1 Rc8 23. Rc4 Rc7 24. f4 Qa7 25. h4 b5 26. Rd4 Qb6 27. h5 Nd7
28. hxg6 fxg6 29. Bg4 Qc5 30. Kh2 Nf8 31. Qf2 Qc2 32. Qxc2 Rxc2 33. Rb4 a3 34.
bxa3 Rxa2 35. Rb3 Kg7 36. Kg3 h5 37. Bc8 Kf6 38. Ba6 b4 39. Bc4 Rxa3 40. Kf3
Nd7 41. Ke2 Rxb3 42. Bxb3 Nc5 43. Bc2 b3 44. e5+ dxe5 45. fxe5+ Kxe5 46. Bxg6
Kxd5 47. Kd1 h4 0-1

[Event "XXII Weekend B"]
[Site "Ceriano Laghetto ITA"]
[Date "2013.03.01"]
[Round "1"]
[White "Monticelli, Francesco"]
[Black "Guidi, Giacomo G."]
[WhiteElo "1748"]
[BlackElo "1984"]
[Result "0-1"]
[PlyCount "72"]
[EventDate "2013.03.01"]

1. e4 c5 2. Nf3 Nc6 3. d4 cxd4 4. Nxd4 Nf6 5. Nc3 e5 6. Nxc6 bxc6 7. Bg5 h6 8.
Bh4 Bb4 9. Qf3 d6 10. Bxf6 Qxf6 11. Qxf6 Bxc3+ 12. bxc3 gxf6 13. Bd3 Rb8 14.
O-O Ke7 15. Rab1 Be6 16. c4 d5 17. cxd5 cxd5 18. exd5 Bxd5 19. c4 Be6 20. Rfc1
Rhd8 21. Be2 Rxb1 22. Rxb1 Rd2 23. Bf1 Rxa2 24. Rc1 Kd6 25. g3 Kc5 26. Kg2 f5
27. h3 a5 28. Bd3 e4 29. Bb1 Rb2 30. g4 fxg4 31. hxg4 e3 32. Kf1 Rxf2+ 33. Kg1
a4 34. Bd3 a3 35. Rb1 Bxc4 36. Rc1 Rf4 0-1

[Event "XXII Weekend B"]
[Site "Ceriano Laghetto ITA"]
[Date "2013.03.01"]
[Round "1"]
[White "Nunziata, Vincenzo"]
[Black "Brioschi, Camillo"]
[WhiteElo "1673"]
[BlackElo "1831"]
[Result "1-0"]
[PlyCount "63"]
[EventDate "2013.03.01"]

1. Nf3 Nf6 2. g3 b6 3. Bg2 Bb7 4. O-O e6 5. d4 d5 6. c4 Be7 7. Nc3 O-O 8. cxd5
Nxd5 9. Re1 Nxc3 10. bxc3 Be4 11. Ne5 Bxg2 12. Kxg2 f6 13. Nf3 Nc6 14. e4 Na5
15. Qa4 c6 16. c4 g5 17. Bb2 g4 18. Ng1 Qe8 19. Bc3 Nb7 20. Ne2 c5 21. Qd1 h5
22. e5 fxe5 23. dxe5 Qc6+ 24. Kg1 Qf3 25. Qc1 Qxf2+ 26. Kh1 Qf3+ 27. Kg1 Kh7
28. Nf4 Rad8 29. Qc2+ Rf5 30. Rf1 Qe3+ 31. Kh1 Kh6 32. Rae1 1-0

[Event "XXII Weekend B"]
[Site "Ceriano Laghetto ITA"]
[Date "2013.03.01"]
[Round "1"]
[White "Petetta, Roberto"]
[Black "Mandaglio, Stefano"]
[WhiteElo "1651"]
[BlackElo "1815"]
[Result "0-1"]
[PlyCount "122"]
[EventDate "2013.03.01"]

1. e4 c5 2. Nf3 d6 3. d4 cxd4 4. Nxd4 Nf6 5. Nc3 a6 6. a4 e6 7. Be2 Be7 8. O-O
Qc7 9. f4 Nbd7 10. Bf3 Nc5 11. Qe1 O-O 12. e5 dxe5 13. fxe5 Qd8 14. Be3 Nd5 15.
Nxd5 exd5 16. b4 Ne6 17. Nf5 Re8 18. Rd1 Nc7 19. Nxe7+ Qxe7 20. Bc5 Qd7 21. Bd6
Ne6 22. a5 Qc6 23. Qf2 Ng5 24. Bxd5 Qd7 25. Qg3 Ne6 26. Rf2 Qb5 27. c4 Qa4 28.
Rdf1 Qd7 29. h4 Rd8 30. Qf3 f6 31. Qg3 Kh8 32. exf6 Qxd6 33. Qxd6 Rxd6 34. f7
Nf8 35. Re1 g6 36. Re8 Kg7 37. g4 Rd7 38. g5 Rd6 39. Rfe2 Bg4 40. R2e7 Rad8 41.
Rxd8 Rxd8 42. Rxb7 Be2 43. Re7 Bd3 44. Kf2 Rb8 45. Ke3 Bf1 46. Kf2 Bd3 47. Re3
Bf5 48. Rb3 Bd7 49. b5 Be6 50. b6 Bxd5 51. cxd5 Kxf7 52. Rc3 Ke7 53. Ke3 Nd7
54. Kd4 Rf8 55. Re3+ Kd8 56. Re4 Rf1 57. Kc4 Rc1+ 58. Kd4 Ra1 59. b7 Ra4+ 60.
Ke3 Rxe4+ 61. Kxe4 Kc7 0-1

[Event "XXII Weekend B"]
[Site "Ceriano Laghetto ITA"]
[Date "2013.03.01"]
[Round "1"]
[White "Podetti, Davide"]
[Black "Pinna, Ferdinando"]
[WhiteElo "1742"]
[BlackElo "1945"]
[Result "0-1"]
[PlyCount "90"]
[EventDate "2013.03.01"]

1. e4 c5 2. Nc3 Nc6 3. f4 d6 4. Nf3 e6 5. d3 Nge7 6. g3 g6 7. Bg2 Bg7 8. Bd2
Rb8 9. O-O O-O 10. Rb1 b5 11. Re1 b4 12. Ne2 a5 13. Be3 Ba6 14. Qd2 Qc7 15. c3
bxc3 16. bxc3 Rb7 17. Qc2 Rfb8 18. Bh3 Rb6 19. Nd2 R8b7 20. e5 Nd5 21. exd6
Qxd6 22. Ne4 Nxe3 23. Nxd6 Nxc2 24. Nxb7 Rxb7 25. Rxb7 Nxe1 26. Rb6 Bxd3 27.
Rxc6 Bxe2 28. Rc8+ Bf8 29. Kf2 Ba6 30. Ra8 Nd3+ 31. Ke3 Bc4 32. Bf1 Bd5 33.
Rxa5 Nb2 34. a4 Bc4 35. Kf2 Bb3 36. Bb5 Nd1+ 37. Ke2 Nxc3+ 38. Kd3 Nxb5 39.
axb5 c4+ 40. Kc3 Bg7+ 41. Kd2 c3+ 42. Kc1 Bd4 43. Ra8+ Kg7 44. Rc8 Be3+ 45. Kb1
c2+ 0-1

[Event "XXII Weekend B"]
[Site "Ceriano Laghetto ITA"]
[Date "2013.03.01"]
[Round "1"]
[White "Regorda, Vittorio"]
[Black "Prevedello, Daniele"]
[WhiteElo "1786"]
[BlackElo "1634"]
[Result "0-1"]
[PlyCount "84"]
[EventDate "2013.03.01"]

1. d4 d5 2. c4 c6 3. Nf3 Nf6 4. g3 dxc4 5. Bg2 e6 6. Ne5 Nbd7 7. Nxc4 Be7 8.
O-O O-O 9. Nc3 Rb8 10. e4 b5 11. Ne3 Bb7 12. e5 Nd5 13. Nexd5 cxd5 14. Qg4 Re8
15. Bh6 Bf8 16. f4 b4 17. Nb5 f5 18. Qg5 Qxg5 19. Bxg5 Ba6 20. Nc7 Bxf1 21.
Bxf1 Rec8 22. Nxe6 Kf7 23. Nxf8 Nxf8 24. Bh3 g6 25. g4 Ke6 26. gxf5+ gxf5 27.
Bh4 Ng6 28. Bg3 Rc2 29. Rb1 Rbc8 30. Bf1 Rc1 31. Rxc1 Rxc1 32. a3 bxa3 33. bxa3
Ra1 34. Kf2 Rxa3 35. Bb5 Ne7 36. h4 Rb3 37. Ba6 Rb6 38. Bd3 a5 39. Ke3 a4 40.
Be1 a3 41. Bc3 a2 42. Kd2 Rb1 0-1

[Event "XXII Weekend B"]
[Site "Ceriano Laghetto ITA"]
[Date "2013.03.01"]
[Round "1"]
[White "Ronconi, Fausto"]
[Black "Megna, Giuseppe"]
[WhiteElo "1687"]
[BlackElo "1855"]
[Result "0-1"]
[PlyCount "66"]
[EventDate "2013.03.01"]

1. d4 Nf6 2. c4 g6 3. Nc3 Bg7 4. Nf3 O-O 5. g3 Re8 6. Bg2 d6 7. O-O c6 8. b4
Nfd7 9. Rb1 e5 10. d5 c5 11. Nb5 Bf8 12. Ng5 a6 13. Nc3 h6 14. Nge4 f5 15. Bxh6
fxe4 16. Bxf8 Nxf8 17. bxc5 Nbd7 18. cxd6 Nc5 19. Nxe4 Nxe4 20. Bxe4 Qxd6 21.
Qc2 b6 22. Qb3 Rb8 23. Rfc1 Bf5 24. Qe3 Bxe4 25. Qxe4 Nd7 26. Qc2 Kg7 27. Qa4
Nc5 28. Qb4 Rh8 29. h4 g5 30. hxg5 Qg6 31. Qd2 Qh5 32. f3 Qh2+ 33. Kf1 Qxg3 0-1

[Event "XXII Weekend B"]
[Site "Ceriano Laghetto ITA"]
[Date "2013.03.01"]
[Round "1"]
[White "Rossi, Giampiero"]
[Black "Carito, Riccardo"]
[WhiteElo "1909"]
[BlackElo "1729"]
[Result "1-0"]
[PlyCount "111"]
[EventDate "2013.03.01"]

1. d4 Nf6 2. c4 g6 3. g3 e6 4. Bg2 Bg7 5. Nc3 c6 6. Nf3 d5 7. O-O O-O 8. b3 Na6
9. Bb2 Nc7 10. Qc2 Re8 11. Rad1 Qe7 12. Rfe1 Bd7 13. Ne5 Rad8 14. Nxd7 Rxd7 15.
e4 Red8 16. e5 Nfe8 17. c5 Bh6 18. Bc1 Bxc1 19. Qxc1 Ng7 20. Bf1 Rf8 21. b4 f6
22. f4 fxe5 23. Rxe5 Rf5 24. Qe3 Qe8 25. Re1 Rdf7 26. Bd3 Rxe5 27. Qxe5 Qd8 28.
Nd1 Qf6 29. Nf2 Qxe5 30. Rxe5 Nf5 31. Bxf5 exf5 32. a4 Kf8 33. Nd3 Re7 34. Kf2
Kf7 35. Ke3 a6 36. Rxe7+ Kxe7 37. Ne5 Ne8 38. Kd3 Nc7 39. Kc3 Ke6 40. Nf3 Kf7
41. Kb3 Ne6 42. b5 a5 43. bxc6 bxc6 44. Ne5+ Ke7 45. Nxc6+ Kd7 46. Ne5+ Kc7 47.
Kc3 Nf8 48. Nf3 Kd7 49. Nd2 h6 50. Kd3 g5 51. fxg5 hxg5 52. Nb3 Ne6 53. Nxa5
Kc7 54. Nb3 Kb7 55. Ke3 Ka6 56. h4 1-0

[Event "XXII Weekend B"]
[Site "Ceriano Laghetto ITA"]
[Date "2013.03.01"]
[Round "1"]
[White "Viale, Fabio"]
[Black "Galimberti, Maurizio"]
[WhiteElo "1821"]
[BlackElo "1658"]
[Result "1-0"]
[PlyCount "83"]
[EventDate "2013.03.01"]

1. d4 Nc6 2. c4 e5 3. d5 Nce7 4. e4 Ng6 5. Nf3 Bc5 6. Nc3 d6 7. Be2 Nf6 8. O-O
O-O 9. a3 a6 10. b4 Ba7 11. h3 Nh5 12. Kh2 Nhf4 13. Be3 Bd7 14. g4 Nh4 15. Bxf4
Nxf3+ 16. Bxf3 exf4 17. Ne2 g5 18. Nd4 Qf6 19. Nf5 Bxf5 20. gxf5 Bd4 21. Ra2
Be5 22. Rg1 Qh6 23. Rg4 f6 24. Qe2 Qg7 25. Rg2 h5 26. Kh1 h4 27. Bh5 Kh8 28.
Bg6 Qh6 29. Rc2 Rac8 30. Rg1 Rg8 31. Qg4 Rg7 32. c5 Re7 33. Rgc1 Kg8 34. a4 Kf8
35. Qe2 Rg7 36. c6 bxc6 37. Qxa6 Rd8 38. Rxc6 Rxg6 39. fxg6 Qxg6 40. f3 f5 41.
Qd3 fxe4 42. Qxe4 1-0

[Event "XXII Weekend B"]
[Site "Ceriano Laghetto ITA"]
[Date "2013.03.02"]
[Round "2"]
[White "Brioschi, Camillo"]
[Black "Greco, Umberto"]
[WhiteElo "1831"]
[BlackElo "1707"]
[Result "0-1"]
[PlyCount "76"]
[EventDate "2013.03.01"]

1. d4 Nf6 2. c4 g6 3. Nc3 Bg7 4. e4 d6 5. Be2 O-O 6. f4 Nfd7 7. Nf3 c5 8. d5
Na6 9. O-O Nc7 10. Be3 a6 11. a4 Rb8 12. Qd2 Nf6 13. Qc2 Ng4 14. Bd2 Bd7 15. h3
Nf6 16. e5 Nh5 17. Kh2 Bh8 18. Bd3 b5 19. axb5 axb5 20. Ne4 bxc4 21. Bxc4 Bb5
22. g4 Ng7 23. b3 Nge8 24. Rfe1 dxe5 25. fxe5 Nxd5 26. Bxd5 Qxd5 27. Qxc5 Qxb3
28. Re3 Qb2 29. Ra7 Ng7 30. Qxe7 Ne6 31. Nf6+ Bxf6 32. exf6 Bc6 33. Rxe6 Bxf3
34. Rd7 Qa2 35. Red6 Rbe8 36. Ra7 Qb2 37. Qd7 Qe5+ 38. Kg1 Qg3+ 0-1

[Event "XXII Weekend B"]
[Site "Ceriano Laghetto ITA"]
[Date "2013.03.02"]
[Round "2"]
[White "Burani, Eugenio"]
[Black "Nunziata, Vincenzo"]
[WhiteElo "1870"]
[BlackElo "1673"]
[Result "1/2-1/2"]
[PlyCount "56"]
[EventDate "2013.03.01"]

1. e4 e5 2. Nf3 Nc6 3. Bc4 Bc5 4. c3 Nf6 5. d3 d6 6. O-O O-O 7. a4 a5 8. Nbd2
Ne7 9. Re1 Ng6 10. Nf1 h6 11. Be3 Bxe3 12. Nxe3 c6 13. Qc2 Re8 14. b4 axb4 15.
cxb4 d5 16. exd5 cxd5 17. Bb3 Qd6 18. Qa2 Be6 19. b5 e4 20. Nd4 exd3 21. Qd2
Ne4 22. Qxd3 Nc5 23. Qd1 Nxb3 24. Qxb3 Qf4 25. Nxe6 fxe6 26. Nf1 Rf8 27. Qe3 e5
28. g3 Qf7 1/2-1/2